[Event "20. Obert Int. Sant Marti 2018 - B"]
[Site "Barcelona ESP"]
[Date "2018.07.17"]
[Round "5.23"]
[White "Palau Soriano, Ricard"]
[Black "Morales Rubiella, Albert"]
[Result "1-0"]
[WhiteElo "1637"]
[BlackElo "1396"]
[PlyCount "63"]
[EventDate "2018.07.13"]
[EventType "swiss"]
[EventRounds "9"]
[EventCountry "ESP"]
[SourceTitle "Ajedrez en Madrid"]
[Source "lmi"]
[SourceDate "2018.07.13"]
[SourceVersion "1"]
[SourceVersionDate "2019.06.21"]
[SourceQuality "1"]

1. e4 c5 2. Nf3 Nc6 3. d4 cxd4 4. Nxd4 e5 5. Nf3 Nf6 6. Bg5 Be7 7. Nc3 O-O 8.
Bc4 d6 9. h3 a6 10. a4 Be6 11. Bxe6 fxe6 12. O-O Qd7 13. Qe2 h6 14. Bh4 Nd4 15.
Nxd4 exd4 16. Nb1 e5 17. c3 dxc3 18. Nxc3 Rac8 19. Bg3 Qc6 20. Rac1 Qd7 21.
Rfd1 Rc6 22. Bxe5 Qe6 23. Bxf6 Bxf6 24. Nd5 Rxc1 25. Rxc1 Re8 26. Qc4 Bxb2 27.
Rb1 Bf6 28. Rxb7 a5 29. Qc7 Ra8 30. Qc4 Re8 31. Nxf6+ gxf6 32. Qc7 1-0

[Event "20. Obert Int. Sant Marti 2018 - B"]
[Site "Barcelona ESP"]
[Date "2018.07.17"]
[Round "5.24"]
[White "Martin Sanchez, Antoni"]
[Black "San Isidoro Castillo, Josep"]
[Result "1-0"]
[WhiteElo "1552"]
[BlackElo "1377"]
[PlyCount "59"]
[EventDate "2018.07.13"]
[EventType "swiss"]
[EventRounds "9"]
[EventCountry "ESP"]
[SourceTitle "Ajedrez en Madrid"]
[Source "lmi"]
[SourceDate "2018.07.13"]
[SourceVersion "1"]
[SourceVersionDate "2019.06.21"]
[SourceQuality "1"]

1. d4 Nf6 2. Nf3 e6 3. h3 d5 4. Bf4 Bd6 5. Bxd6 Qxd6 6. c3 Nbd7 7. Nbd2 c5 8.
e3 O-O 9. Bd3 c4 10. Bc2 b5 11. a3 Bb7 12. O-O e5 13. dxe5 Nxe5 14. Nd4 a6 15.
Re1 Rfe8 16. Qe2 Ng6 17. Rad1 Nf4 18. Qf3 Ne6 19. Nf1 Ng5 20. Qe2 Rad8 21. Ng3
Qc7 22. Ndf5 Nge4 23. Rd4 Nxg3 24. Nxg3 Ne4 25. Bxe4 dxe4 26. Red1 Rxd4 27.
Rxd4 g6 28. Qd2 f5 29. Rd7 Qc8 30. Qd4 1-0

[Event "20. Obert Int. Sant Marti 2018 - B"]
[Site "Barcelona ESP"]
[Date "2018.07.17"]
[Round "5.25"]
[White "Brufau Devesa, Eduard"]
[Black "Martinez Escribano, Jose Angel"]
[Result "1/2-1/2"]
[WhiteElo "1714"]
[BlackElo "1930"]
[PlyCount "45"]
[EventDate "2018.07.13"]
[EventType "swiss"]
[EventRounds "9"]
[EventCountry "ESP"]
[SourceTitle "Ajedrez en Madrid"]
[Source "lmi"]
[SourceDate "2018.07.13"]
[SourceVersion "1"]
[SourceVersionDate "2019.06.21"]
[SourceQuality "1"]

1. d4 Nf6 2. c4 g6 3. Nc3 Bg7 4. Nf3 O-O 5. Bf4 d6 6. h3 c6 7. e3 Bf5 8. Bd3
Qa5 9. Qc2 Bxd3 10. Qxd3 Nbd7 11. O-O Rfe8 12. Nd2 Rad8 13. Nb3 Qa6 14. Rfd1 b6
15. Nd2 e5 16. Bg3 d5 17. dxe5 Nxe5 18. Bxe5 Rxe5 19. Nf3 Ree8 20. cxd5 Qxd3
21. Rxd3 Nxd5 22. Rad1 Bf6 23. Nxd5 1/2-1/2

[Event "20. Obert Int. Sant Marti 2018 - B"]
[Site "Barcelona ESP"]
[Date "2018.07.17"]
[Round "5.26"]
[White "Zubimendi Felip, Ricard"]
[Black "Lopez Manzano, Antonio"]
[Result "1-0"]
[WhiteElo "1752"]
[BlackElo "1900"]
[PlyCount "129"]
[EventDate "2018.07.13"]
[EventType "swiss"]
[EventRounds "9"]
[EventCountry "ESP"]
[SourceTitle "Ajedrez en Madrid"]
[Source "lmi"]
[SourceDate "2018.07.13"]
[SourceVersion "1"]
[SourceVersionDate "2019.06.21"]
[SourceQuality "1"]

1. e4 c5 2. Nf3 g6 3. d4 cxd4 4. Nxd4 Nf6 5. Nc3 Nc6 6. Be3 Bg7 7. Be2 O-O 8.
Qd2 d5 9. Nxc6 bxc6 10. Rd1 Qa5 11. exd5 Rd8 12. O-O cxd5 13. Bd4 Rb8 14. Bxf6
Bxf6 15. Nxd5 Rxd5 16. Qxd5 Qxd5 17. Rxd5 Be6 18. Rb5 Rc8 19. c3 Rc7 20. a3 Bd7
21. Rb8+ Kg7 22. Ba6 Rc5 23. Rd1 Ba4 24. Re1 Ra5 25. Bf1 Be5 26. Rb7 Bd6 27. b4
Bc6 28. bxa5 Bxb7 29. a6 Bc6 30. Ra1 Be5 31. a4 Bd7 32. Bb5 Bf5 33. Re1 Bxc3
34. Rxe7 Bd4 35. Bc4 Bc2 36. Rxf7+ Kh6 37. Ba2 g5 38. a5 Be4 39. h4 Kg6 40. Rc7
Bf5 41. Bg8 Kh6 42. hxg5+ Kxg5 43. Bxh7 Be6 44. Bd3 Kf6 45. Rh7 Bf7 46. Rh3 Bd5
47. Kf1 Bc3 48. Rh7 Bf7 49. g4 Bd2 50. Kg2 Bf4 51. f3 Be3 52. Kg3 Bg8 53. Rh5
Bf7 54. Rb5 Be8 55. Rf5+ Ke6 56. f4 Bd4 57. Rg5 Kf6 58. Rd5 Bc3 59. g5+ Ke6 60.
Bc4 Ke7 61. Rc5 Bd7 62. Rc7 Be1+ 63. Kf3 Bxa5 64. Rxa7 Kd6 65. Rxd7+ 1-0

[Event "20. Obert Int. Sant Marti 2018 - B"]
[Site "Barcelona ESP"]
[Date "2018.07.17"]
[Round "5.27"]
[White "Fernandez Egea, Andres"]
[Black "Cano Vila, Eduard"]
[Result "1-0"]
[WhiteElo "1876"]
[BlackElo "1694"]
[PlyCount "69"]
[EventDate "2018.07.13"]
[EventType "swiss"]
[EventRounds "9"]
[EventCountry "ESP"]
[SourceTitle "Ajedrez en Madrid"]
[Source "lmi"]
[SourceDate "2018.07.13"]
[SourceVersion "1"]
[SourceVersionDate "2019.06.21"]
[SourceQuality "1"]

1. Nf3 Nf6 2. g3 g6 3. d3 Bg7 4. e4 d6 5. Bg2 e5 6. O-O Nbd7 7. h3 c6 8. Be3
Nf8 9. a4 Ne6 10. Na3 h5 11. Nc4 O-O 12. Qd2 Qe7 13. Qb4 c5 14. Qd2 Nh7 15. Kh2
g5 16. c3 Bf6 17. Qe2 g4 18. Nfd2 gxh3 19. Bh1 Ng7 20. f4 Bg4 21. Bf3 Bxf3 22.
Qxf3 exf4 23. gxf4 Bh4 24. Rg1 Nf6 25. e5 Ng4+ 26. Kxh3 Qd7 27. Kxh4 Kh8 28.
Nxd6 Rad8 29. Bxc5 Qe7+ 30. Kh3 Qe6 31. Rxg4 hxg4+ 32. Qxg4 Qxg4+ 33. Kxg4 f5+
34. Kf3 b6 35. Bb4 1-0

[Event "20. Obert Int. Sant Marti 2018 - B"]
[Site "Barcelona ESP"]
[Date "2018.07.17"]
[Round "5.28"]
[White "Roche Peris, Eduard"]
[Black "Carrey Abellan, Enric"]
[Result "0-1"]
[WhiteElo "1705"]
[BlackElo "1855"]
[PlyCount "82"]
[EventDate "2018.07.13"]
[EventType "swiss"]
[EventRounds "9"]
[EventCountry "ESP"]
[SourceTitle "Ajedrez en Madrid"]
[Source "lmi"]
[SourceDate "2018.07.13"]
[SourceVersion "1"]
[SourceVersionDate "2019.06.21"]
[SourceQuality "1"]

1. Nf3 c5 2. c4 Nc6 3. Nc3 g6 4. g3 Bg7 5. Bg2 Nf6 6. O-O O-O 7. d4 cxd4 8.
Nxd4 Nxd4 9. Qxd4 d6 10. Qd3 a6 11. Bd2 Rb8 12. Rfd1 Ng4 13. b3 Qb6 14. Be1 Bf5
15. e4 Ne5 16. Qc2 Bg4 17. Rdc1 Qd4 18. Ne2 Qd3 19. Nf4 Nf3+ 20. Bxf3 Qxf3 21.
Bc3 Bh6 22. Nd5 Rfe8 23. Re1 Bh3 24. Ne3 b5 25. Qe2 Qxe4 26. f3 Qxe3+ 27. Qxe3
Bxe3+ 28. Rxe3 bxc4 29. bxc4 Be6 30. Rae1 Kf8 31. Re4 Rbc8 32. Rc1 d5 33. cxd5
Bxd5 34. Rh4 Kg8 35. Ra4 Rc6 36. f4 Rec8 37. Ra3 f6 38. Kf2 Kf7 39. Ra5 Rxc3
40. Rxc3 Rxc3 41. Rxd5 Rc2+ 0-1

[Event "20. Obert Int. Sant Marti 2018 - B"]
[Site "Barcelona ESP"]
[Date "2018.07.17"]
[Round "5.29"]
[White "Garcia Clemente, Julian Fco."]
[Black "Martinez Torras, Pol"]
[Result "1-0"]
[WhiteElo "1828"]
[BlackElo "1675"]
[PlyCount "133"]
[EventDate "2018.07.13"]
[EventType "swiss"]
[EventRounds "9"]
[EventCountry "ESP"]
[SourceTitle "Ajedrez en Madrid"]
[Source "lmi"]
[SourceDate "2018.07.13"]
[SourceVersion "1"]
[SourceVersionDate "2019.06.21"]
[SourceQuality "1"]

1. d4 d6 2. Nf3 g6 3. c4 Bg7 4. Nc3 Nf6 5. e4 Nbd7 6. h3 O-O 7. Be3 e5 8. dxe5
Nxe5 9. Nxe5 dxe5 10. Be2 a5 11. O-O h6 12. Qc2 Qe7 13. Rad1 b6 14. Rd2 Bb7 15.
Nd5 Nxd5 16. cxd5 f5 17. f3 fxe4 18. fxe4 Rxf1+ 19. Bxf1 Rc8 20. Rd1 Qf6 21.
Qd2 Kh7 22. Bc4 Bf8 23. Rf1 Qh4 24. Bd3 Qe7 25. Qf2 Qg7 26. Qe2 Bd6 27. Ba6
Bxa6 28. Qxa6 Rf8 29. Qb5 Rxf1+ 30. Qxf1 Qe7 31. Qb5 Qh4 32. Qd7+ Kg8 33. Qe8+
Kg7 34. Qd7+ Qe7 35. Qxe7+ Bxe7 36. Kf1 h5 37. g3 Kf7 38. Ke2 Ke8 39. Kd3 Kd7
40. Kc4 Kd6 41. Kb5 Kd7 42. a4 Kd6 43. Bd2 Kd7 44. b3 Bc5 45. Be1 g5 46. g4
hxg4 47. hxg4 Be7 48. Bd2 Bf6 49. b4 axb4 50. Bxb4 Bd8 51. Bf8 Bf6 52. Bh6 Kd6
53. Bf8+ Kd7 54. Ba3 Bg7 55. Bb4 Bf6 56. Ba3 Bg7 57. d6 cxd6 58. Kxb6 Bf6 59.
Kb7 Bd8 60. Bb4 d5 61. a5 Bxa5 62. Bxa5 dxe4 63. Bd2 Ke6 64. Kc6 Kf6 65. Kd5
Kg6 66. Kxe5 Kh6 67. Kf5 1-0

[Event "20. Obert Int. Sant Marti 2018 - B"]
[Site "Barcelona ESP"]
[Date "2018.07.17"]
[Round "5.30"]
[White "Fuentes Barrientos, Carlos"]
[Black "Gonzalez Moreno, Antoni"]
[Result "1-0"]
[WhiteElo "1803"]
[BlackElo "1667"]
[PlyCount "99"]
[EventDate "2018.07.13"]
[EventType "swiss"]
[EventRounds "9"]
[EventCountry "ESP"]
[SourceTitle "Ajedrez en Madrid"]
[Source "lmi"]
[SourceDate "2018.07.13"]
[SourceVersion "1"]
[SourceVersionDate "2019.06.21"]
[SourceQuality "1"]

1. d4 d5 2. Bg5 Nd7 3. Nf3 Ngf6 4. e3 e6 5. c4 Be7 6. Nc3 a6 7. c5 c6 8. b4 O-O
9. Bd3 Re8 10. a4 h6 11. Bh4 Nh5 12. Bg3 Nxg3 13. hxg3 Bf6 14. Bc2 Nf8 15. Ne5
Bxe5 16. dxe5 f6 17. Qg4 f5 18. Qh5 Bd7 19. Ne2 Qg5 20. f4 Qxh5 21. Rxh5 Re7
22. Nd4 Ree8 23. Bd3 Rec8 24. Kf2 a5 25. Rb1 Rcb8 26. Rhh1 b6 27. Rhc1 Kf7 28.
b5 bxc5 29. Rxc5 cxb5 30. Bxb5 Rc8 31. Rbc1 Rxc5 32. Rxc5 Bxb5 33. Rxb5 Nd7 34.
Nc6 Rc8 35. Nxa5 Rc2+ 36. Kf3 g5 37. g4 fxg4+ 38. Kxg4 Rxg2+ 39. Kf3 Ra2 40.
Rb7 Ke8 41. Nb3 gxf4 42. exf4 Ra3 43. Kg4 d4 44. Nxd4 Rxa4 45. Nxe6 Nxe5+ 46.
Kh5 Nf7 47. Kg6 Nd6 48. Rh7 Re4 49. Kf6 Re1 50. Re7# 1-0

[Event "20. Obert Int. Sant Marti 2018 - B"]
[Site "Barcelona ESP"]
[Date "2018.07.17"]
[Round "5.31"]
[White "Povill Claros, Laura"]
[Black "Sarrate Presas, Jordi"]
[Result "1/2-1/2"]
[WhiteElo "1802"]
[BlackElo "1648"]
[PlyCount "149"]
[EventDate "2018.07.13"]
[EventType "swiss"]
[EventRounds "9"]
[EventCountry "ESP"]
[SourceTitle "Ajedrez en Madrid"]
[Source "lmi"]
[SourceDate "2018.07.13"]
[SourceVersion "1"]
[SourceVersionDate "2019.06.21"]
[SourceQuality "1"]

1. e4 d5 2. exd5 Qxd5 3. Nc3 Qd6 4. d4 Nf6 5. Bd3 Nc6 6. Nge2 Bg4 7. f3 Bh5 8.
Bf4 Qd7 9. O-O a6 10. Kh1 O-O-O 11. Be3 e5 12. dxe5 Nxe5 13. Be4 Nxe4 14. Nxe4
Qe8 15. Qe1 Nc4 16. Bf4 Bg6 17. Qc3 Nd6 18. N2g3 f6 19. Rad1 Nb5 20. Qe3 f5 21.
Rxd8+ Qxd8 22. Ng5 Qd5 23. Qe6+ Qxe6 24. Nxe6 Rg8 25. c4 Nd6 26. c5 Ne8 27. Rd1
Be7 28. Ne2 Bf7 29. N2d4 g6 30. Be5 Bf6 31. f4 Bxe5 32. fxe5 Ng7 33. Nxg7 Rxg7
34. b3 Bg8 35. Nf3 Rd7 36. Re1 Bd5 37. e6 Re7 38. Nd4 c6 39. a3 Kc7 40. Kg1 Kd8
41. Kf2 Re8 42. Re3 Ke7 43. Rh3 h5 44. Re3 Kf6 45. Rd3 Bxe6 46. Nxe6 Rxe6 47.
Rd7 Re7 48. Rd6+ Kf7 49. b4 g5 50. g3 g4 51. Rd4 Kf6 52. Rd6+ Kg5 53. Rd8 Rg7
54. Rd4 h4 55. a4 hxg3+ 56. hxg3 Rh7 57. Kg2 Re7 58. b5 cxb5 59. axb5 Rc7 60.
bxa6 bxa6 61. Ra4 Rxc5 62. Rxa6 Rc2+ 63. Kg1 Rc7 64. Ra3 Rf7 65. Kg2 f4 66.
gxf4+ Rxf4 67. Ra5+ Kh4 68. Ra3 Rb4 69. Rc3 Rb2+ 70. Kg1 g3 71. Rc8 Rb5 72.
Rh8+ Rh5 73. Rxh5+ Kxh5 74. Kg2 Kg4 75. Kg1 1/2-1/2

[Event "20. Obert Int. Sant Marti 2018 - B"]
[Site "Barcelona ESP"]
[Date "2018.07.17"]
[Round "5.32"]
[White "Gomez Parla, Josep"]
[Black "Moncunill Calvet, Pol"]
[Result "0-1"]
[WhiteElo "1794"]
[BlackElo "1621"]
[PlyCount "98"]
[EventDate "2018.07.13"]
[EventType "swiss"]
[EventRounds "9"]
[EventCountry "ESP"]
[SourceTitle "Ajedrez en Madrid"]
[Source "lmi"]
[SourceDate "2018.07.13"]
[SourceVersion "1"]
[SourceVersionDate "2019.06.21"]
[SourceQuality "1"]

1. e4 e5 2. f4 exf4 3. Nf3 h6 4. h4 Nf6 5. Nc3 Bb4 6. d3 d6 7. Bxf4 Bg4 8. Be2
Nc6 9. a3 Ba5 10. O-O Bb6+ 11. Kh1 g5 12. Bg3 Nh5 13. Bh2 gxh4 14. Nd5 Ng3+ 15.
Bxg3 hxg3 16. Nf4 Be3 17. Nh3 Bxh3 18. gxh3 Rg8 19. Kg2 Bf2 20. Qd2 Qf6 21. c3
Ne7 22. Nd4 Ng6 23. Nf5 Nh4+ 24. Nxh4 Qxh4 25. Bg4 Rg6 26. Bf5 Rf6 27. Qe2 Ke7
28. Qg4 Qxg4 29. hxg4 Rd8 30. Rh1 d5 31. e5 Rb6 32. b4 a5 33. d4 a4 34. Rh5 Rc6
35. Rah1 Rxc3 36. Rxh6 Rxa3 37. e6 Ra2 38. Kf3 g2 39. Rc1 c6 40. Rh7 Rf8 41. g5
g1=Q 42. Rxg1 Bxg1 43. g6 Kf6 44. g7 Rg8 45. exf7 Kxf7 46. Kf4 Rxg7 47. Be6+
Kf6 48. Rh6+ Ke7 49. Bc8 Rf2+ 0-1

[Event "20. Obert Int. Sant Marti 2018 - B"]
[Site "Barcelona ESP"]
[Date "2018.07.17"]
[Round "5.33"]
[White "Pereda Villalba, Julian"]
[Black "Lopez Nadal, Alex"]
[Result "0-1"]
[WhiteElo "1669"]
[BlackElo "1794"]
[PlyCount "68"]
[EventDate "2018.07.13"]
[EventType "swiss"]
[EventRounds "9"]
[EventCountry "ESP"]
[SourceTitle "Ajedrez en Madrid"]
[Source "lmi"]
[SourceDate "2018.07.13"]
[SourceVersion "1"]
[SourceVersionDate "2019.06.21"]
[SourceQuality "1"]

1. d4 c5 2. Nf3 cxd4 3. Nxd4 g6 4. c3 Bg7 5. g3 Nc6 6. Nxc6 bxc6 7. Bg2 Nf6 8.
O-O O-O 9. Nd2 Bb7 10. Nb3 d6 11. Re1 Qc7 12. Bd2 c5 13. e4 Nd7 14. Qc1 Ne5 15.
Qc2 a5 16. Rad1 a4 17. Nc1 Bc6 18. Nd3 Nc4 19. Bc1 Rfb8 20. b3 axb3 21. axb3
Na3 22. Bxa3 Rxa3 23. Ra1 Raxb3 24. e5 Bxg2 25. Kxg2 dxe5 26. Reb1 Rxb1 27.
Rxb1 Rxb1 28. Qxb1 e4 29. Nf4 Bxc3 30. Qxe4 Qe5 31. Qa8+ Kg7 32. h4 Bd2 33. Nd3
Qd4 34. Qf3 c4 0-1

[Event "20. Obert Int. Sant Marti 2018 - B"]
[Site "Barcelona ESP"]
[Date "2018.07.17"]
[Round "5.34"]
[White "Escofet Llongueras, Joan"]
[Black "Serra Vilaro, Agustin"]
[Result "1/2-1/2"]
[WhiteElo "1623"]
[BlackElo "1780"]
[PlyCount "88"]
[EventDate "2018.07.13"]
[EventType "swiss"]
[EventRounds "9"]
[EventCountry "ESP"]
[SourceTitle "Ajedrez en Madrid"]
[Source "lmi"]
[SourceDate "2018.07.13"]
[SourceVersion "1"]
[SourceVersionDate "2019.06.21"]
[SourceQuality "1"]

1. c4 Nf6 2. Nc3 c5 3. g3 g6 4. Bg2 Bg7 5. e4 e5 6. Nge2 Nc6 7. O-O d6 8. h3
O-O 9. d3 Be6 10. Nd5 Qd7 11. Kh2 Bxd5 12. cxd5 Ne7 13. f4 Ne8 14. Nc3 b5 15.
fxe5 Bxe5 16. Bh6 Ng7 17. Rb1 Kh8 18. Bf4 f6 19. Ne2 Nh5 20. d4 cxd4 21. Nxd4
Rac8 22. Ne6 Rfe8 23. Bxe5 dxe5 24. Bf3 Ng7 25. Nxg7 Kxg7 26. d6 Ng8 27. Bg4 f5
28. exf5 Nf6 29. Rf2 Rc4 30. fxg6 Nxg4+ 31. hxg4 hxg6 32. Qf3 Rh8+ 33. Kg2 Qc6
34. Rd1 Rd8 35. Qd5 Rxd6 36. Rf7+ Kh6 37. Qxc6 Rdxc6 38. Rd5 Re6 39. Rxb5 a6
40. Ra5 Rc2+ 41. Rf2 Rxf2+ 42. Kxf2 Kg5 43. Kf3 Rf6+ 44. Kg2 Re6 1/2-1/2

[Event "20. Obert Int. Sant Marti 2018 - B"]
[Site "Barcelona ESP"]
[Date "2018.07.17"]
[Round "5.35"]
[White "Madrid Sole, Antonio"]
[Black "Aagam, Aditya E"]
[Result "1-0"]
[WhiteElo "1776"]
[BlackElo "1579"]
[PlyCount "115"]
[EventDate "2018.07.13"]
[EventType "swiss"]
[EventRounds "9"]
[EventCountry "ESP"]
[SourceTitle "Ajedrez en Madrid"]
[Source "lmi"]
[SourceDate "2018.07.13"]
[SourceVersion "1"]
[SourceVersionDate "2019.06.21"]
[SourceQuality "1"]

1. d4 Nf6 2. Bf4 e6 3. e3 b6 4. Bd3 Bb7 5. Nf3 h6 6. O-O Be7 7. h3 O-O 8. Nbd2
d6 9. Qe2 Nbd7 10. c3 Rc8 11. Rfd1 c5 12. Ba6 Bxa6 13. Qxa6 Ra8 14. a4 Qc8 15.
Qe2 d5 16. Ne5 c4 17. e4 Nxe5 18. dxe5 Nd7 19. exd5 exd5 20. Nf3 Qc6 21. Nd4
Qg6 22. Qf3 Qe4 23. Qxe4 dxe4 24. Nc6 Ba3 25. Rxa3 Nc5 26. Rd4 f5 27. exf6 Rxf6
28. Ne7+ Kh7 29. Nd5 Rf7 30. Be3 Raf8 31. Rxc4 Nd3 32. Rxe4 Nxf2 33. Bxf2 Rxf2
34. b4 Rd2 35. c4 Rff2 36. Rg3 Rf7 37. Kh2 Ra2 38. Nc3 Ra1 39. Rge3 Ra3 40. c5
bxc5 41. bxc5 Rc7 42. Rc4 Rb3 43. Re6 Rb8 44. Nb5 Rcb7 45. Ra6 Ra8 46. c6 Rb6
47. Rxb6 axb6 48. c7 Rc8 49. Na7 Ra8 50. c8=Q Rxa7 51. Qf5+ g6 52. Qf6 Rb7 53.
Rc8 Rg7 54. h4 h5 55. g3 b5 56. axb5 g5 57. hxg5 h4 58. Qh6# 1-0

[Event "20. Obert Int. Sant Marti 2018 - B"]
[Site "Barcelona ESP"]
[Date "2018.07.17"]
[Round "5.36"]
[White "Ishaan, Bansal"]
[Black "Bao, Jin Wen"]
[Result "1-0"]
[WhiteElo "1759"]
[BlackElo "1302"]
[PlyCount "75"]
[EventDate "2018.07.13"]
[EventType "swiss"]
[EventRounds "9"]
[EventCountry "ESP"]
[SourceTitle "Ajedrez en Madrid"]
[Source "lmi"]
[SourceDate "2018.07.13"]
[SourceVersion "1"]
[SourceVersionDate "2019.06.21"]
[SourceQuality "1"]

1. d4 Nf6 2. Bf4 c5 3. c3 Qb6 4. Qc2 cxd4 5. cxd4 Nc6 6. e3 e6 7. Nc3 Bb4 8.
Bd3 h6 9. Nge2 O-O 10. O-O d6 11. Ne4 Nxe4 12. Bxe4 d5 13. Bd3 Bd7 14. a3 Be7
15. Nc3 Rac8 16. Qe2 Na5 17. Rad1 Bxa3 18. Nxd5 exd5 19. bxa3 Nc4 20. Rb1 Qa6
21. e4 Rfe8 22. e5 Bb5 23. Qg4 Nxa3 24. Rxb5 Nxb5 25. Rb1 Red8 26. Bxb5 Qe6 27.
Qg3 a6 28. Be2 b5 29. h4 Rb8 30. h5 Qf5 31. Rd1 Rb6 32. Bg4 Qc2 33. e6 fxe6 34.
Bc7 Rdb8 35. Bxb8 b4 36. Be5 Kh8 37. Qf4 Rb5 38. Rc1 1-0

[Event "20. Obert Int. Sant Marti 2018 - B"]
[Site "Barcelona ESP"]
[Date "2018.07.17"]
[Round "5.37"]
[White "Julia Yebra, David"]
[Black "Han, Xuqian Ben"]
[Result "1-0"]
[WhiteElo "1808"]
[BlackElo "1486"]
[PlyCount "85"]
[EventDate "2018.07.13"]
[EventType "swiss"]
[EventRounds "9"]
[EventCountry "ESP"]
[SourceTitle "Ajedrez en Madrid"]
[Source "lmi"]
[SourceDate "2018.07.13"]
[SourceVersion "1"]
[SourceVersionDate "2019.06.21"]
[SourceQuality "1"]

1. c4 e5 2. Nc3 Nf6 3. g3 Bc5 4. e3 Nc6 5. Bg2 d5 6. cxd5 Nb4 7. d3 Nbxd5 8.
Nge2 O-O 9. a3 c6 10. O-O Qe7 11. Nxd5 Nxd5 12. d4 exd4 13. Nxd4 Rd8 14. e4 Nc7
15. Nxc6 bxc6 16. Qh5 Ba6 17. Re1 Ne6 18. e5 Bb7 19. h4 Bb6 20. Bg5 Nxg5 21.
hxg5 c5 22. Be4 Bxe4 23. Rxe4 Rd4 24. Rae1 Rxe4 25. Rxe4 Rd8 26. Rh4 h6 27.
gxh6 g6 28. h7+ Kh8 29. Qe2 Rd5 30. Re4 Rd4 31. Re3 Kxh7 32. e6 f6 33. g4 Bc7
34. Qf3 Be5 35. Rb3 Qxe6 36. Rb7+ Rd7 37. g5 fxg5 38. b4 cxb4 39. axb4 Qe7 40.
Qh3+ Kg8 41. Rxd7 Qf6 42. Rxa7 Bd4 43. Qh7+ 1-0

[Event "20. Obert Int. Sant Marti 2018 - B"]
[Site "Barcelona ESP"]
[Date "2018.07.17"]
[Round "5.38"]
[White "Mas Sayos, Lluis"]
[Black "Moreno Perez, Norberto"]
[Result "0-1"]
[WhiteElo "1687"]
[BlackElo "1874"]
[PlyCount "70"]
[EventDate "2018.07.13"]
[EventType "swiss"]
[EventRounds "9"]
[EventCountry "ESP"]
[SourceTitle "Ajedrez en Madrid"]
[Source "lmi"]
[SourceDate "2018.07.13"]
[SourceVersion "1"]
[SourceVersionDate "2019.06.21"]
[SourceQuality "1"]

1. d4 e6 2. c4 Nf6 3. Nf3 Be7 4. Nc3 d5 5. e3 O-O 6. Bd3 c5 7. O-O Nc6 8. a3
cxd4 9. exd4 a6 10. cxd5 exd5 11. Bf4 Bg4 12. Be2 Qb6 13. Na4 Qa7 14. Be3 Qb8
15. Nc5 Bd6 16. h3 Bh5 17. Bg5 Ne4 18. Nd7 Qc7 19. Nxf8 Bxf3 20. Bxf3 Nxg5 21.
Bxd5 Rxf8 22. Qg4 h6 23. Rac1 Qb6 24. h4 Nh7 25. Bxc6 bxc6 26. Qe4 Qxb2 27.
Qxc6 Bf4 28. Rc4 Qxa3 29. d5 Bb8 30. Ra4 Qd3 31. Rxa6 Bh2+ 32. Kxh2 Qxf1 33.
Qb6 Nf6 34. d6 Qd3 35. Ra7 Ng4+ 0-1

[Event "20. Obert Int. Sant Marti 2018 - B"]
[Site "Barcelona ESP"]
[Date "2018.07.17"]
[Round "5.39"]
[White "Salazar Navas, Josep"]
[Black "Vives Cabau, Jordi"]
[Result "0-1"]
[WhiteElo "1677"]
[BlackElo "1859"]
[PlyCount "98"]
[EventDate "2018.07.13"]
[EventType "swiss"]
[EventRounds "9"]
[EventCountry "ESP"]
[SourceTitle "Ajedrez en Madrid"]
[Source "lmi"]
[SourceDate "2018.07.13"]
[SourceVersion "1"]
[SourceVersionDate "2019.06.21"]
[SourceQuality "1"]

1. e4 d5 2. exd5 Qxd5 3. Nc3 Qa5 4. Bc4 Nf6 5. d3 Bg4 6. f3 Bf5 7. Bd2 Qb6 8.
Nge2 e5 9. g4 Be6 10. Bxe6 Qxe6 11. Ng3 Nc6 12. Qe2 Nd4 13. Qd1 Qc6 14. Nge4
O-O-O 15. Rf1 Be7 16. g5 Nxe4 17. fxe4 Qe6 18. Nd5 Rhe8 19. c3 Nc6 20. Qb3 Qg4
21. Rxf7 Qh4+ 22. Kd1 Qxh2 23. Nxe7+ Rxe7 24. Rxe7 Nxe7 25. Qe6+ Rd7 26. Kc2
Qe2 27. Qh3 Ng6 28. Rf1 Nf4 29. Qf3 Qxf3 30. Rxf3 Ng6 31. Be3 b6 32. Rh3 Nf8
33. Rf3 Ng6 34. d4 Kd8 35. d5 Ke8 36. c4 Rf7 37. Rxf7 Kxf7 38. b4 Ne7 39. b5
Kg6 40. a4 h5 41. gxh6 gxh6 42. c5 Nc8 43. cxb6 axb6 44. Kc3 h5 45. Kb4 Nd6 46.
a5 bxa5+ 47. Kxa5 h4 48. Kb4 h3 49. Bg1 Nxe4 0-1

[Event "20. Obert Int. Sant Marti 2018 - B"]
[Site "Barcelona ESP"]
[Date "2018.07.17"]
[Round "5.40"]
[White "Valbuena Castro, Gregorio"]
[Black "Corominas Garrido, Jordi"]
[Result "1/2-1/2"]
[WhiteElo "1646"]
[BlackElo "1853"]
[PlyCount "94"]
[EventDate "2018.07.13"]
[EventType "swiss"]
[EventRounds "9"]
[EventCountry "ESP"]
[SourceTitle "Ajedrez en Madrid"]
[Source "lmi"]
[SourceDate "2018.07.13"]
[SourceVersion "1"]
[SourceVersionDate "2019.06.21"]
[SourceQuality "1"]

1. e4 e6 2. d4 d5 3. e5 c5 4. c3 Nc6 5. Nf3 Qb6 6. Bd3 Bd7 7. O-O cxd4 8. cxd4
Nxd4 9. Nxd4 Qxd4 10. Nc3 a6 11. Qe2 Qb6 12. Qh5 g6 13. Qh3 Bg7 14. Re1 Ne7 15.
Rb1 Nc6 16. Bf4 O-O 17. Nxd5 exd5 18. Qxd7 Qd4 19. Qxb7 Nb4 20. Be3 Qxd3 21.
Qxb4 Rab8 22. Qd4 Qb5 23. Bg5 Qc4 24. Qxc4 dxc4 25. Be7 Rfc8 26. Bd6 Rb6 27.
Ba3 Bh6 28. g3 Bd2 29. Red1 Bb4 30. Bxb4 Rxb4 31. Rd6 c3 32. b3 c2 33. Rc1 a5
34. Rd2 a4 35. Rdxc2 Rxc2 36. Rxc2 axb3 37. axb3 Rxb3 38. Re2 Rb6 39. f4 h5 40.
Kg2 Kf8 41. Kh3 Ke7 42. Kh4 f6 43. f5 Rb4+ 44. Kh3 gxf5 45. Rf2 Ke6 46. exf6
Kxf6 47. Rf4 Rb2 1/2-1/2

[Event "20. Obert Int. Sant Marti 2018 - B"]
[Site "Barcelona ESP"]
[Date "2018.07.17"]
[Round "5.41"]
[White "Gonzalez Canovas, Sebastia"]
[Black "Gallego Montes, Antoni"]
[Result "0-1"]
[WhiteElo "1639"]
[BlackElo "1837"]
[PlyCount "60"]
[EventDate "2018.07.13"]
[EventType "swiss"]
[EventRounds "9"]
[EventCountry "ESP"]
[SourceTitle "Ajedrez en Madrid"]
[Source "lmi"]
[SourceDate "2018.07.13"]
[SourceVersion "1"]
[SourceVersionDate "2019.06.21"]
[SourceQuality "1"]

1. c4 e5 2. Nc3 d6 3. g3 g6 4. Bg2 Bg7 5. Nf3 Nc6 6. d3 f5 7. a3 Nf6 8. Rb1 a5
9. Bg5 Ne7 10. Qc1 h6 11. Bd2 c6 12. e4 g5 13. b4 axb4 14. axb4 Ng6 15. b5 f4
16. h3 fxg3 17. fxg3 Nh5 18. Ne2 O-O 19. bxc6 bxc6 20. Nh2 Be6 21. Rf1 Qd7 22.
g4 Nhf4 23. Nxf4 exf4 24. Nf3 Ra4 25. Bc3 Rfa8 26. Bxg7 Qxg7 27. Qb2 Qa7 28.
Rf2 Qe3+ 29. Qe2 Ra1 30. Qxe3 Rxb1+ 0-1